Spôsob výroby celulózových tvarovaných telies

Bibliographic Details
Corporate Authors: Lenzing Aktiengesellschaft (Lenzing, Rakúsko) (Patent holder), Patentservis (Bratislava, Slovensko)
Other Authors: Zikeli, Stefan (Originator), Rauch, Ernst (Originator), Koberger, Hermann (Originator), Ecker, Friedrich (Originator), Rüf, Hartmut (Originator), Jurkovic, Raimund (Originator), Schwenninger, Franz (Originator)
Format: Book
Language:Slovak
PhysicalDescription:7 s. obr. 30 cm
Published: [Banská Bystrica] Úrad priemyselného vlastníctva Slovenskej republiky [2004]
Subjects:

MARC

LEADER 00000nam a2200000 a 4500
001 vtls008181875
003 SK-MaSNL
005 20260301102059.0
008 251120s2004 xo a j f000 0 slo
013 |a 284101  |b SK  |c patent  |d 20040908  |e dátum nadobudnutia účinkov patentu (Vestník ÚPV SR č.:9/2004 )  |d 20040811  |e dátum sprístupnenia patentu 
013 |a 1273-93  |e číslo prihlášky  |d 19930317  |e dátum podania prihlášky  |d 19940706  |e dátum zverejnenia prihlášky (Vestník ÚPV SR č.: 07/1994 ) 
013 |a A 537/92  |e číslo prioritnej prihlášky  |d 19920317  |e dátum podania prioritnej prihlášky  |b AT  |e kód krajiny prioritnej prihlášky 
013 |a PCT/AT93/00053  |e číslo podania medzinárodnej prihlášky podľa PCT 
013 |a WO93/19230  |e číslo zverejnenia medzinárodnej prihlášky podľa PCT 
015 |a SNBN2013 
040 |a SNK  |b slo  |c SNK  |e AACR2 
041 0 |a slo 
044 |a xo  |c SK 
245 0 0 |a Spôsob výroby celulózových tvarovaných telies  |c Stefan Zikeli ... [et al.] ; patent. zást. Patentservis Bratislava, a. s. 
260 |a [Banská Bystrica]  |b Úrad priemyselného vlastníctva Slovenskej republiky  |c [2004] 
300 |a 7 s.  |b obr.  |c 30 cm 
650 0 7 |a tvarovaný materiál  |2 SNKPH  |9 3994 
650 0 7 |a celulóza  |2 SNKPH  |9 16027 
650 0 7 |a shaped material  |2 SNKPHeng  |9 437312 
650 0 7 |a Wood-pulp  |2 SNKPHeng  |9 348618 
655 7 |a patenty  |2 SNKPH  |9 177343 
655 7 |a patent licenses  |2 SNKPHeng  |9 303430 
700 1 |a Zikeli, Stefan  |4 org  |9 437313 
700 1 |a Rauch, Ernst  |4 org  |9 437314 
700 1 |a Koberger, Hermann  |4 org  |9 437315 
700 1 |a Ecker, Friedrich  |4 org  |9 437316 
700 1 |a Rüf, Hartmut  |4 org  |9 437317 
700 1 |a Jurkovic, Raimund  |4 org  |9 437318 
700 1 |a Schwenninger, Franz  |4 org  |9 437319 
710 2 |a Lenzing Aktiengesellschaft (Lenzing, Rakúsko)  |4 pth  |9 437320 
710 2 |a Patentservis (Bratislava, Slovensko)  |9 156037 
999 |c 691113  |d 693043 
952 |a SNK  |b SNK  |y PREZ  |7 0  |p 17A0389989  |o snkSK 284101  |i snk2005/11403  |8 0  |0 0  |1 0  |4 0  |d 2005-06-30  |l 0  |r 2026-02-23 20:26:57  |w 2026-02-23